Tragedias
Saved in:
| 主要作者: | |
|---|---|
| 格式: | 圖書 |
| 語言: | 西班牙语 |
| 出版: |
Madrid, España
Gredos
1986
|
| 叢編: | Biblioteca Clásica Gredos, 97
|
| 主題: | |
| 在線閱讀: | Disponible Online - Los Persas pp 218-263 |
| 標簽: |
添加標簽
沒有標簽, 成為第一個標記此記錄!
|
MARC
| LEADER | 00000cam a2200000 a 4500 | ||
|---|---|---|---|
| 001 | UCW9380 | ||
| 003 | CL-VaPUC | ||
| 005 | 20230816110520.0 | ||
| 008 | 890331e19860000SP |||||||||||||||||spa|d | ||
| 999 | |c 221379 |d 221377 | ||
| 040 | |c Pontificia Universidad Católica de Valparaíso | ||
| 082 | 0 | 4 | |a 882 ESQ 1986 |2 21 |
| 100 | |a Esquilo |e autor |9 269410 | ||
| 245 | 1 | 0 | |a Tragedias |
| 260 | |a Madrid, España |b Gredos |c 1986 | ||
| 300 | |a 582 páginas | ||
| 490 | 0 | |a Biblioteca Clásica Gredos, 97 | |
| 505 | |a Los persas. Los siete contra Tebas. Las suplicantes. Agamenón. Las Coéforas. Las Euménides. Prometeo encadenado | ||
| 583 | |a last modification |c 20151204 10:45:32 |k Rodrigo Vera | ||
| 650 | 0 | |a Teatro griego |2 CL-VaPUC |9 301951 | |
| 650 | 0 | |a Tragedia griega |9 265362 | |
| 852 | |a BIBCUR | ||
| 856 | |u http://bibliografiaobligatoria.pucv.cl.pucv.idm.oclc.org/index.php/bibliotecapucv/catalog/book/85 |y Disponible Online - Los Persas pp 218-263 | ||
| 942 | |c BK |2 ddc | ||
| 945 | |d 19890331 00:00:00 | ||
| 952 | |0 0 |1 0 |4 0 |6 882_000000000000000_ESQ_1986 |7 0 |8 X |9 214632 |a BIBHIS |b BIBHIS |d 2019-11-15 |i 2831864 |o 882 ESQ 1986 |p 2831864 |r 2024-01-30 |w 2019-11-15 |y BK_X |k HIS | ||
| 952 | |0 0 |1 0 |3 erd |4 0 |6 882_000000000000000_ESQ_1986 |7 0 |8 R |9 214633 |a BIBEDU |b BIBEDU |c MCIRC |i 5254833 |l 13 |m 5 |o 882 ESQ 1986 |p 5254833 |q 2025-05-19 |r 2025-05-07 |s 2025-05-07 |w 2019-11-15 |y BK_R |z Catalogado en:20151204 |k LIT | ||